00985cam a22002412a 4500001000900000003001100009005001700020008004300037040003200080092002800112245007000140260001700210260001900227260000900246300001000255440007100265500017300336650005000509700001900559942001500578999001700593952013300610 002049 AR-FADEU20191104091925.0 311216n1974####xxu####################dd cBiblioteca Ernesto Sábato a001.407 22bH673eBLYNK aLas HISTORIAS de vida en ciencias sociales : Teoría y técnica aBuenos Aires bNueva Visión c1974 a219 p aCuadernos de investigación social. Dir. por Manuel Mora y Araujo aTrabajos de Jorge Balán, Robert Angell, Howard S. Becker, Juan F. Marsal, Harley L. Browning, Elizabeth Jelin, Lee Litzler, James W. Wilkie, L.L. Langness y June Nash aINVESTIGACION SOCIAL; HISTORIA DE VIDA/BLYNK/ aJulio, Balán cBLYNK2ddc c34214d34214 00102ddc4070aAR-FADEUbAR-FADEUcBLYNKd2019-11-04i24857l0o001.407 22 H673p24857r2019-11-04 00:00:00w2019-11-04yBLYNK